Jojo's bizarre adventure Stand (partie 3 à 6) - Statistiques

Statistiques générales
  • Ce quiz a été pris 638 fois
  • Le résultat moyen est 39 sur 108
Statistiques - réponses
Hint Réponse % Correct
Jotaro Star platinum
94%
Polnareff Silver chariot
88%
Joseph Hermit purple
86%
DIO The World
85%
Kira Killer Queen
78%
Josuke Crazy Diamond
77%
Avdol Magician red
77%
Okuyasu The Hand
77%
Giorno Gold experience
71%
Kakyoin Hierophant green
71%
Koichi Echoes
70%
Iggy The fool
69%
Rohan Heaven's door
67%
Jolyne Stone Free
67%
Diavolo King Crimson
66%
Weather Report Weather Report
61%
Pucci (fin partie 6) Made in Heaven
60%
Bucciellati Sticky Fingers
60%
Hol horse Emperor
59%
Mista Sex Pistols
57%
Narancia Aerosmith
56%
Fugo Purple Haze
56%
Kira (fin partie 4) Bites the Dust
54%
Hermes Kiss
54%
Pucci White Snake
54%
Abbacchio Moody blues
53%
Pucci + Bébé vert C-Moon
51%
Risotto Metallica
51%
Vanilla Ice Cream
50%
Akira Red hot chili pepper
50%
Trish Spice Girl
50%
Chaka / Khan Anubis
49%
Mannish boy Death 13
46%
F.F. Foo Fighters
46%
Kira (deuxième stand) Sheer Heart Attack
45%
Enya Justice
44%
Gray fly Tower of gray
42%
Polpo Black Sabbath
40%
Anasui Diver Down
38%
J.Geil Hanged man
38%
Steely Dan Lovers
38%
Arabia fats Sun
37%
Shigekiyo Harvest
36%
Rubber soul Yellow temperance
34%
Keicho Bad Company
33%
Captain Tennille Dark blue Moon
33%
Nena Empress
33%
Cioccolata Green day
33%
Daniel D'arby Osiris
33%
Doppio Epitaph
31%
Aya Cinderella
30%
Illusa Man in the Mirror
30%
Secco Oasis
29%
Forever Strength
29%
Tamami The Lock
29%
ZZ Wheel of fortune
29%
Ghiaccio White album
29%
Ungaro Bohemian Rhapsody
28%
N'Doul Geb
28%
Yukako Love Deluxe
28%
Pesci Beach boy
27%
Mikitaka Earth Wind and Fire
27%
Weather Report (fin partie 6) Heavy Weather
27%
Yuya Highway Star
27%
Coco Jumbo Mr President
27%
Carne Notorious BIG
27%
Mariah Bastet
26%
Cameo Judgement
25%
Antonio Pearl Jam
25%
Boingo Thoth
25%
Petshop Horus
24%
Toyohiro Superfly
24%
Melone Baby face
23%
Devo Ebony devil
23%
Formaggio Little feet
23%
Angelo Aqua Necklace
22%
Emporio Burning down the house
22%
Terunosuke Enigma
22%
Tama Stray cat
21%
Squalo Clash
20%
Midler High Priestess
20%
Tizziano Talking head
20%
Yoshihiro Kira Atom heart father
19%
Guess Goo Goo dolls
19%
McQueen Highway to hell
19%
Oingo Khnum
19%
Toshikazu Surface
19%
Terence D'arby Atum
18%
Donatello Underworld
18%
Masazo Cheap trick
17%
Prosciutto Grateful dead
17%
Sale Kraftwork
17%
Alessi Sethan
17%
Bébé invisible Achtung Baby
16%
Kenzo Dragon's Dream
16%
Miraschon Marilyn Manson
16%
Guccio Survivor
15%
Ken Boy II man
13%
Rykiel Sky High
13%
D&G Yo yo ma
13%
Jongalli Manhattan Transfer
12%
Zucchero Soft Machine
12%
Bébé vert Green green grass of Home
11%
Sports Max Limp Bizkit
11%
Westwood Planet Waves
11%
Mushikui RATT
11%
Lang Jumpin Jack Flash
9%
Miu Miu Jail House Rock
7%
Aucun quiz correspondant
Distribution des résultats
% des personnes avec chaque résultat
Percentile par nombre de réponses
Votre historique - résultats
Vous n’avez pas pris ce quiz